Iniciación profesional (preaprendizaje)
Publicado:
Barcelona :
Escuela de Trabajo de la Diputación de Barcelona, Escuela de Maestría Industrial ,
1959
Descripción Física:
16 p. ; 22 cm
MARC
| LEADER | 00000nam a2200000Ia 4500 | ||
|---|---|---|---|
| 001 | 23528 | ||
| 008 | 160829s1959 xx 000 0 cat d | ||
| 080 | |a FU-61-72 | ||
| 245 | |a Iniciación profesional (preaprendizaje) | ||
| 260 | |a Barcelona : |b Escuela de Trabajo de la Diputación de Barcelona, Escuela de Maestría Industrial, |c 1959 | ||
| 300 | |a 16 p. ; |c 22 cm | ||
| 650 | |a Projecte educatiu |9 39239 | ||
| 650 | 0 | |a Formació professional |x Barcelona (Província) |9 35536 | |
| 650 | 0 | |a Escola del treball (Barcelona). Escola de Mestratge Industrial |9 21240 | |
| 901 | |a Arxiu | ||
| 942 | |n 1 | ||
| 952 | |0 0 |1 0 |4 0 |6 FU6172 |7 1 |9 54967 |a Arxiu |b Arxiu |d 2012-08-06 |l 0 |o FU-61-72 |p 23528 |r 2016-12-01 00:00:00 |w 2016-12-01 |y ARXIU | ||
| 999 | |c 58837 |d 58837 | ||